000
00315nam a22001457a 4500
008
230831b ||||| |||| 00| 0 eng d
020
_a
9780449907238
041
_a
eng
080
_a
343.9
082
_a
343.9COV
100
_a
40
101
_a
FILO
245
_a
THE ARROW OF TIME
_c
COVENEY .P
942
_2
udc
_c
BK
999
_c
60212
_d
60212